Biblioteca

Introducción a la filosofía / Jean Wahl ; José Gaos, Traductor (Registro nro. 32097)

Detalles MARC
000 -LÍDER
Campo fijo de descripción fija 012360000a22002290004500
041 0# - CÓDIGO DE IDIOMA
Código de idioma para texto/pista de sonido o título separado
082 04 - NÚMERO DE CLASIFICACIÓN DECIMAL DEWEY
Número de clasificación G 100 W136i
001 - NÚMERO DE CONTROL
Campo de control 587
100 1# - ASIENTO PRINCIPAL--NOMBRE PERSONAL
Nombre personal Wahl, Jean
245 10 - TÍTULO
Título del Material Introducción a la filosofía / Jean Wahl ; José Gaos, Traductor
250 ## - MENCIÓN DE EDICIÓN
Mención de edición 5
260 ## - PUBLICACIÓN, DISTRIBUCIÓN, ETC. (PIE DE IMPRENTA)
Lugar de publicación, distribución, etc. México, D.F. : Fondo de Cultura Económica
300 ## - DESCRIPCIÓN FÍSICA
Extensión 379 páginas
336 ## - CONTENT TYPE
Content type term texto
Content type code txt
Source rdacontent
337 ## - MEDIA TYPE
Source rdamedia
Media type term sin mediación
Media type code n
338 ## - CARRIER TYPE
Source rdacarrier
Carrier type term volumen
Carrier type code nc
500 ## - NOTA GENERAL
Nota General Título original en inglés: The philosopher´s way
501 ## - NOTA DE “CON”
Nota de Contenido Pasta dura
505 00 - NOTA DE CONTENIDO
Nota de contenido con formato preestablecido la necesaria revisión de los conceptos metafísicos -- la sustancia -- el ser, la existencia, la realidad -- el devenir -- las esencias y las formas; la idea de la materia -- la cantidad y la cualidad -- la causalidad -- la libertad -- las teoría del conocimiento -- lo mediato y lo inmediato -- la ciencia, la filosofía y el mundo sensible -- las cosas, los seres vivos y las personas -- las relaciones -- las ideas negativas -- el valor -- el alma -- Dios -- lo perfecto, lo infinito , lo uno, lo absoluto, lo trascendente -- la dialéctica -- Explicación de diversos temas de filosofía -- Conceptos metafísicos
650 14 - ASIENTO SECUNDARIO DE MATERIA - TERMINO TEMÁTICO
Término temático o nombre geográfico como elemento de entrada FILOSOFIA
942 ## - TIPO DE MATERIAL (KOHA)
Tipo de Item KOHA Libros General
Existencias
Estado de Material Estado de Perdido Estado de Dañado No para Préstamo Colección Tomo Biblioteca de Origen Biblioteca Permanente Fecha de Adquisición Total de Préstamos Signatura Topográfica Código de Barras Última vez visto Ejemplar/Existencia Fecha de Remplazo Tipo de Material
        Colección General   Biblioteca FUSBC Biblioteca FUSBC 17/09/2004   G 100 W136i 46 12/12/2019 1 26/01/2016 Libros General

Biblioteca FUSBC | Teléfono: (57+4) 349 88 10 Ext. 141| WhatsApp (+57) 3005338115 
E-mail: biblioteca@unisbc.edu.co | Calle 76 87-14 Robledo Palenque, Medellín, Colombia

Con tecnología Koha